000 00322nam a2200133Ia 4500
005 20260328101519.0
008 260328s9999||||xx |||||||||||||| ||und||
100 _aVélez, Antonio
245 0 _aPensamiento Creativo /
_cAntonio Vélez
260 _bVillegas Editores
300 _a591 p.
650 _aTEORÍA
942 _cBK
999 _c9519
_d9519